El hermano asno

محفوظ في:
التفاصيل البيبلوغرافية
المؤلف الرئيسي: Barrios, Eduardo
التنسيق: كتاب
اللغة:Undetermined
منشور في: Buenos Aires, Argentina Losada 1953
الطبعة:2
الموضوعات:
الوسوم: إضافة وسم
لا توجد وسوم, كن أول من يضع وسما على هذه التسجيلة!

MARC

LEADER 00000nam a2200000Ia 4500
008 170316s9999 xx 000 0 und d
040 |a cru BVZT 
090 |a 860 B-14h 
100 |a Barrios, Eduardo 
245 |a El hermano asno 
250 |a 2 
260 |a Buenos Aires, Argentina 
260 |b Losada 
260 |c 1953 
300 |a 154 páginas 
650 |a LITERATURA LATINOAMERICANA 
999 |c 8378  |d 8378 
942 |c 15 D  |h 860 B-14h  |2 z